[Event "Elite-ch POM"]
[Site "Montreal"]
[Date "2013.10.11"]
[Round "1"]
[White "Sambuev, Bator"]
[Black "Gutierrez, Leonela"]
[Result "1-0"]
[WhiteElo "2575"]
[BlackElo "2079"]
[PlyCount "59"]
[EventDate "2013.10.11"]
[EventType "swiss"]
[EventRounds "7"]
[EventCountry "CAN"]
[SourceTitle "EXT 2022"]
[Source "ChessBase"]
[SourceDate "2021.10.06"]
[SourceVersion "1"]
[SourceVersionDate "2021.10.06"]
[SourceQuality "1"]

1. d4 Nf6 2. c4 g6 3. Nc3 Bg7 4. e4 d6 5. Nf3 0-0 6. Be2 e5 7. 0-0 Nc6 8. d5 Ne7 9. Ne1 Ne8 10. Be3 f5 11. f3 f4 12. Bf2 g5 13. c5 Rf7 14. a4 Bf8 15. cxd6 cxd6 16. Nb5 a6 17. Na3 g4 18. fxg4 Nf6 19. Bf3 Rg7 20. Nc4 Nxg4 21. Bb6 Qd7 22. Kh1 h5 23. Bg1 Qd8 24. a5 Ng6 25. Nb6 Qh4 26. Nxa8 Ne3 27. Qe2 Nxf1 28. Qxf1 Qg5 29. Rc1 Bg4 30. Nc7 1-0